[Event "Zlin Region-chT 2223"]
[Site "Czech Republic"]
[Date "2023.02.26"]
[Round "9.8"]
[White "Suchanek, Hanus"]
[Black "Matus, Jakub"]
[Result "1/2-1/2"]
[WhiteElo "1672"]
[BlackElo "1365"]
[PlyCount "69"]
[EventDate "2022.10.09"]
[EventType "team-tourn"]
[EventRounds "11"]
[EventCountry "CZE"]
[SourceTitle "EXT 2024"]
[Source "ChessBase"]
[SourceDate "2023.10.10"]
[SourceVersion "1"]
[SourceVersionDate "2023.10.10"]
[SourceQuality "1"]
[WhiteTeam "Zlin II"]
[BlackTeam "Usti Sokol"]
[WhiteTeamCountry "CZE"]
[BlackTeamCountry "CZE"]

1. e4 c5 2. Nf3 Nc6 3. d4 cxd4 4. Nxd4 e5 5. Nb3 d6 6. Nc3 f5 7. f4 Nf6 8. fxe5 Nxe5 9. Bb5+ Nc6 10. Nd4 Bd7 11. Nxf5 Bxf5 12. exf5 Be7 13. 0-0 0-0 14. Be3 Ne5 15. Be2 a6 16. Qe1 Nfg4 17. Bd4 Bh4 18. Qd1 Nf6 19. Qd2 Nfg4 20. Bxg4 Nxg4 21. Qf4 Nh6 22. Qe4 Bf6 23. Bxf6 Qxf6 24. Qxb7 Nxf5 25. Qd5+ Kh8 26. g4 Qd4+ 27. Qxd4 Nxd4 28. Rad1 Rxf1+ 29. Kxf1 Nxc2 30. Rxd6 Ne3+ 31. Kg1 Nxg4 32. Nd5 h6 33. Re6 a5 34. h3 Rd8 35. hxg4 1/2-1/2